[Event "Bayern-chI Bank Hofmann 22nd"]
[Site "Tegernsee"]
[Date "2018.10.30"]
[Round "4"]
[White "Obermeier, Herbert"]
[Black "Ries, Berthold"]
[Result "0-1"]
[WhiteElo "2065"]
[BlackElo "1862"]
[PlyCount "63"]
[EventDate "2018.10.27"]
[EventType "swiss"]
[EventRounds "9"]
[EventCountry "GER"]
[SourceTitle "CBM 187 Extra"]
[Source "ChessBase"]
[SourceDate "2018.11.04"]
[SourceVersion "1"]
[SourceVersionDate "2018.11.04"]
[SourceQuality "1"]

1. e4 c5 2. Nf3 d6 3. Bb5+ Nd7 4. Ba4 a6 5. c4 e5 6. Nc3 Ngf6 7. 0-0 Be7 8. d3 0-0 9. h3 h6 10. Nh2 Nb6 11. Bc2 Be6 12. Ne2 Nh5 13. g4 Nf6 14. Ng3 Nh7 15. Nf5 Bg5 16. Qf3 g6 17. Ng3 Bxc1 18. Raxc1 Qh4 19. Ne2 Ng5 20. Qg2 Nxh3+ 21. Kh1 Nf4 22. Nxf4 exf4 23. Qf3 Qf6 24. Kg2 Nd7 25. Qh3 Qg5 26. f3 Ne5 27. Kf2 Kg7 28. Rh1 Rh8 29. Rcg1 h5 30. Qf1 hxg4 31. fxg4 Rh4 32. Bd1 0-1

[Event "Bayern-chI Bank Hofmann 21st"]
[Site "Tegernsee"]
[Date "2017.10.28"]
[Round "1"]
[White "Obermeier, Herbert"]
[Black "Womacka, Mathias"]
[Result "1/2-1/2"]
[WhiteElo "2097"]
[BlackElo "2434"]
[PlyCount "132"]
[EventDate "2017.10.28"]
[EventType "swiss"]
[EventRounds "9"]
[EventCountry "GER"]
[SourceTitle "CBM 181 Extra"]
[Source "ChessBase"]
[SourceDate "2017.12.12"]
[SourceVersion "1"]
[SourceVersionDate "2017.12.12"]
[SourceQuality "1"]

1. e4 e6 2. d4 d5 3. Nc3 Nc6 4. Nf3 Nf6 5. e5 Ne4 6. Bd3 Bb4 7. Bd2 Nxd2 8. Qxd2 0-0 9. a3 Ba5 10. 0-0 f6 11. b4 Bb6 12. Na4 Nxd4 13. Nxd4 Bxd4 14. Bxh7+ Kxh7 15. Qxd4 fxe5 16. Qxe5 Rf5 17. Qe3 e5 18. f4 exf4 19. Rxf4 Rxf4 20. Qxf4 Bd7 21. Nc5 b6 22. Nd3 Qf6 23. Re1 Re8 24. Rxe8 Bxe8 25. Qxf6 gxf6 26. c3 Bg6 27. Nf4 Bf7 28. Kf2 Kg7 29. Ke3 c6 30. Kd4 Kf8 31. h4 Ke7 32. g4 Kd6 33. h5 c5+ 34. bxc5+ bxc5+ 35. Ke3 Ke7 36. Nd3 Be6 37. Kf3 d4 38. cxd4 cxd4 39. Nf4 Bd7 40. Nd3 Kf7 41. Nf2 Bc6+ 42. Kf4 Kg7 43. Kf5 Bd7+ 44. Kf4 Bc6 45. Ne4 d3 46. Nf2 d2 47. Ke3 Kh6 48. Kxd2 f5 49. gxf5 Kxh5 50. f6 Kg6 51. Ng4 Bd5 52. Kc3 Be6 53. Ne5+ Kxf6 54. Nc6 a6 55. Kd4 Bh3 56. a4 Ke6 57. Kc5 Bf1 58. Nb8 Ke7 59. Kb6 Kd6 60. a5 Be2 61. Nxa6 Bxa6 62. Kxa6 Kc7 63. Ka7 Kc8 64. a6 Kc7 65. Ka8 Kc8 66. a7 Kc7 1/2-1/2

[Event "Oberbayern Bezirksliga 1617"]
[Site "Germany"]
[Date "2017.01.15"]
[Round "4.2"]
[White "Maierhofer, Johann"]
[Black "Obermeier, Herbert"]
[Result "1-0"]
[WhiteElo "2103"]
[BlackElo "2020"]
[PlyCount "51"]
[EventDate "2016.10.16"]
[EventType "team-tourn"]
[EventRounds "9"]
[EventCountry "GER"]
[SourceTitle "EXT 2019"]
[Source "ChessBase"]
[SourceDate "2018.10.10"]
[SourceVersion "1"]
[SourceVersionDate "2018.10.10"]
[SourceQuality "1"]
[WhiteTeam "Waldkraiburg"]
[BlackTeam "Traunstein/Traunreut"]
[WhiteTeamCountry "GER"]
[BlackTeamCountry "GER"]

1. e4 Nc6 2. Nc3 e6 3. g3 Nd4 4. Bg2 h5 5. h3 Ne7 6. d3 h4 7. g4 e5 8. Nce2 c5 9. f4 d6 10. c3 Nxe2 11. Nxe2 Nc6 12. Be3 Be7 13. 0-0 Be6 14. Qd2 f6 15. d4 cxd4 16. cxd4 Bc4 17. d5 Bxe2 18. Qxe2 exf4 19. dxc6 fxe3 20. cxb7 Rb8 21. e5 Qb6 22. Rac1 0-0 23. Bd5+ Kh7 24. g5 g6 25. gxf6 Bd8 26. Rc4 1-0

[Event "Bayern-chI Bank Hofmann 20th"]
[Site "Bad Wiessee"]
[Date "2016.10.30"]
[Round "2"]
[White "Vorobiov, Evgeny E"]
[Black "Obermeier, Herbert"]
[Result "1-0"]
[WhiteElo "2581"]
[BlackElo "2100"]
[PlyCount "107"]
[EventDate "2016.10.29"]
[EventType "swiss"]
[EventRounds "9"]
[EventCountry "GER"]
[SourceTitle "CBM 175 Extra"]
[Source "ChessBase"]
[SourceDate "2016.12.12"]
[SourceVersion "1"]
[SourceVersionDate "2016.12.12"]
[SourceQuality "1"]

1. d4 g6 2. c4 Bg7 3. e4 d6 4. Nc3 Nc6 5. Nge2 a5 6. Be3 e5 7. d5 Nb8 8. Ng3 b6 9. Bd3 h5 10. h3 Bh6 11. Qd2 Na6 12. 0-0 h4 13. Nge2 g5 14. a3 Bd7 15. Bc2 f6 16. Nb5 Nc5 17. b4 Nb7 18. Nec3 Bf8 19. Bd3 Nh6 20. Be2 Be7 21. Bh5+ Nf7 22. Qe2 Kf8 23. Bg4 Qc8 24. f3 Kg7 25. Rfc1 Bxg4 26. fxg4 Qd7 27. Nd1 Rhb8 28. Bd2 Nh8 29. Ne3 Ng6 30. Nf5+ Kh7 31. Qd3 Rh8 32. Rf1 Nf4 33. Bxf4 gxf4 34. Nxh4 Kg7 35. Nf5+ Kf7 36. Qb3 Kg6 37. Nc3 Bf8 38. Qa4 Qxa4 39. Nxa4 Bh6 40. Nc3 Rh7 41. Nb5 Rd7 42. Kf2 Bf8 43. Kf3 Nd8 44. h4 Nf7 45. Nc3 Kh7 46. Rfb1 Rdd8 47. a4 Rdb8 48. Ra2 Nd8 49. g3 axb4 50. Nb5 c5 51. dxc6 Nxc6 52. gxf4 exf4 53. Kxf4 Rd8 54. Nc7 1-0

[Event "Bayern-chI Bank Hofmann 15th"]
[Site "Bad Wiessee"]
[Date "2011.11.04"]
[Round "7"]
[White "Obermeier, Herbert"]
[Black "Pierecker, Markus"]
[Result "1/2-1/2"]
[WhiteElo "2002"]
[BlackElo "2218"]
[PlyCount "22"]
[EventDate "2011.10.29"]
[EventType "swiss"]
[EventRounds "9"]
[EventCountry "GER"]
[SourceTitle "EXT 2012"]
[Source "ChessBase"]
[SourceDate "2011.11.24"]
[SourceVersion "1"]
[SourceVersionDate "2011.11.24"]
[SourceQuality "1"]

1. e4 c5 2. Nf3 d6 3. c3 Nf6 4. Bd3 Nc6 5. h3 e5 6. Bc2 Be7 7. d3 0-0 8. 0-0 Ne8 9. d4 Qc7 10. Na3 a6 11. dxc5 dxc5 1/2-1/2